00736nam a2200229Ia 450000500170000000800410001702000180005804000190007604100120009508200150010710000190012224500420014126000420018330000200022550400600024565000370030570000160034285000100035894200070036899900170037595201140039220240408101243.0131103s9999 xx 000 0 und d a0 19 437135 2 aLoreto College aEnglish a420.7bAND aAnderson, Anne aListeningcAnne Anderson & Tony Lynch aOxfordbOxford University Pressc1989 avii,150pb ill. aIncludes glossary,bibilographical references & appendix aEnglish language-Study & teahing aLynch, Tony aLCBED cBK c27598d78077 00102ddc4070aMAINbMAINd2013-11-04l2o420.7 AND 11312pB30446r2015-01-28s2015-01-21w2013-11-04yBKf